000 00533nam a22001817a 4500
003 OSt
005 20241030202451.0
008 241030b |||||||| |||| 00| 0 eng d
020 _a0874758394
040 _c,
050 _aQ121
_b.G764
245 _aGrowing up with Science/
_bthe illustrated encyclopedia of invention
250 _aVol. 20
260 _aTarrytown, New York
_bWebsters Unified H.S. Stuttman Inc.
_c1990
300 _a1753-1844pages
_bill. some color
_c26cm
600 _2Science invention
942 _2lcc
_cBK
_eVol. 20
_n0
999 _c414
_d414